01324nam a2200181Ia 4500001001300000003001000013008004100023040002500064041000700089100003300096245010400129250001100233260003300244300001200277500077300289650005201062700002801114b7053-51316 IT-MiCISF161014s9999||||xx |||||||||||||| ||und|| aIT-MiCISFcIT-MiCISF ait aDallanegra Paola (a cura di) 0aAlleanza di lavoro tra utenti e operatoribDalla valutazione di processo a un metodo di trattamento a1a ed. a MilanobFranco Angelic2012 app. 159 a / famiglia, crisi-famiglia, minori, separazione, custodia-figli, figli-divorzio, mediazione, operatori, case-studies / Il testo si rivolge a coloro che lavorano in servizi che si occupano di minori, di famiglie e, in particolare, in quelli centrati sul mantenimento della continuità nei legami parentali oltre la crisi familiare. Il volume propone riflessioni teoriche ed esemplificazioni cliniche per affrontare il tema dell'alleanza nelle situazioni complesse che coinvolgono questi soggetti. Attraverso il racconto di vari casi trattati, viene illustrata in dettaglio la metodologia di lavoro. L'attenzione è focalizzata sulle situazioni di crisi dell'alleanza, che offrono spesso un'opportunità per dare nuovo impulso e significato al lavoro con gli utenti. a Famiglia e servizi / servizi-alla-personae007 aFava Emilio (a cura di)